Renovación de la vida religiosa (Record no. 143552)

MARC details
000 -LEADER
campo de control de longitud fija 00551nam a2200169 4500
001 - NÚMERO DE CONTROL
campo de control 143552
003 - IDENTIFICADOR DE NÚMERO DE CONTROL
campo de control ES-MaACL
005 - FECHA Y HORA DE LA ÚLTIMA TRANSACCIÓN
campo de control 20230906200838.0
007 - CAMPO FIJO DE DESCRIPCIÓN FÍSICA--INFORMACIÓN GENERAL
campo de control de longitud fija t|
008 - DATOS DE LONGITUD FIJA--INFORMACIÓN GENERAL
campo de control de longitud fija 070214s1968 sp r ||||1| spa d
100 1# - ENTRADA PRINCIPAL--NOMBRE DE PERSONA
Nombre de persona Serer, Vicente.
9 (RLIN) 105537
245 10 - MENCIÓN DEL TÍTULO
Título Renovación de la vida religiosa
Resto del título : resortes psicopedagógicos /
Mención de responsabilidad, etc. Vicente Serer ; prólogo de José Miguel Miranda Arraiza.
260 ## - PUBLICACIÓN, DISTRIBUCIÓN, ETC.
Lugar de publicación, distribución, etc. Madrid :
Nombre del editor, distribuidor, etc. Studium,
Fecha de publicación, distribución, etc. 1968.
300 ## - DESCRIPCIÓN FÍSICA
Extensión 241 p. ;
Dimensiones 18 cm.
700 1# - ENTRADA AGREGADA--NOMBRE PERSONAL
Nombre de persona Miranda Arraiza, José Miguel.
9 (RLIN) 81543
852 ## - LOCALIZACIÓN
Ubicación ES-MaACL
Número de control de estantería C-37176
Sublocalización o colección R.67944
Holdings
Estatus retirado Estado de pérdida Estado de daño No para préstamo Biblioteca de origen Biblioteca actual Ubicación en estantería Fecha de adquisición Fuente de adquisición Total de préstamos Signatura topográfica completa Código de barras Visto por última vez Precio de reemplazo Tipo de ítem Koha
        Biblioteca del Ateneo de Madrid Biblioteca del Ateneo de Madrid Depósito 2 17/01/2008     C-37176 1149353 23/02/2023 23/02/2023 Libro impreso